The principles of metallury
| Main Authors: | , |
|---|---|
| Format: | Section = Libro |
| Language: | Undetermined Spanish |
| Published: |
New York
McGraw-Hill
1933
|
| Subjects: |
| LEADER | 00519nam a2200205Ia 4500 | ||
|---|---|---|---|
| 008 | 240830s9999 xx 000 0 und d | ||
| 040 | |a CEDOC FIQ-RUSB / 546 L712 | ||
| 041 | |a spa | ||
| 082 | |a 546 L712 | ||
| 100 | 1 | |a Linddel, Donald M | |
| 100 | 1 | |b Doan, Gilbert E. | |
| 245 | 1 | 4 | |a The principles of metallury |
| 260 | |a New York |b McGraw-Hill |c 1933 | ||
| 300 | |a 626 p. :il. | ||
| 650 | 7 | |a QUÍMICA INORGÁNICA | |
| 650 | 7 | |b ESTADO METÁLICO | |
| 650 | 7 | |c ALEACIONES | |
| 942 | |c BK |2 ddc | ||
| 991 | |a TEXTO | ||
| 999 | |c 13924 | ||